Calidad de aplicación aérea de fungicidas sobre el cultivo de soja /

Guardado en:
Autor Principal: Medina, Julio César.
Autor Corporativo: Universidad Nacional del Sur. Departamento de Agronomía.
Otros Autores: Irigoyen, Jorge H., (tutor.)
Formato: Libro
Idioma:Spanish
Publicado: Bahía Blanca, 2006.
Etiquetas: Agregar Etiqueta
Sin Etiquetas, Sea el primero en etiquetar este registro!
LEADER 00701nam a22001695a 4500
001 EEA.libagro007722
005 20161205123403.0
008 130809s2006####ag#a##########000#0#spa#d
082 0 4 |a 632.9 
100 1 |a Medina, Julio César. 
245 1 0 |a Calidad de aplicación aérea de fungicidas sobre el cultivo de soja /  |c Julio César Medina. 
260 |a Bahía Blanca,  |c 2006. 
300 |a 36 h. :  |b il. ;  |c 30 cm. 
500 |a Trabajo de intensificación (Ingeniero Agrónomo) -- Universidad Nacional del Sur. Departamento de Agronomía, 2006. 
700 1 |a Irigoyen, Jorge H.,  |e tutor. 
710 2 |a Universidad Nacional del Sur.  |b Departamento de Agronomía. 
859 |a AR-BbBCA  |b BIB. AGRONOMIA  |h 632.9  |i M466  |p 2007/5111